| 000 | 00743cam a2200253 a 4500 | ||
|---|---|---|---|
| 999 |
_c4943 _d4943 |
||
| 001 | 36909692 | ||
| 003 | OCoLC | ||
| 005 | 20181218110159.0 | ||
| 008 | 970509s1997 wau 000 0 eng | ||
| 010 | _a97019664 | ||
| 020 | _a0910019681 | ||
| 020 | _a9780910019682 | ||
| 035 | _a(OCoLC)36909692 | ||
| 040 |
_aDLC _cDLC _dOCLCQ _dBAKER _dBTCTA _dYDXCP _dBSC |
||
| 082 |
_a261.8 _bC771B |
||
| 092 |
_a261.85 _bC771b, 1997 |
||
| 100 | 1 | _aCook, Wade. | |
| 245 | 1 | 0 |
_aBusiness buy the Bible : _bfinancial wisdom of the ancients / _cWade B. Cook. |
| 250 | _a1st ed. | ||
| 260 |
_aSeattle, Wash. : _bLighthouse Pub. Group, _cc1997. |
||
| 300 |
_axviii, 192 p. ; _c24 cm. |
||
| 650 | 0 |
_aBusiness _xReligious aspects _xChristianity. |
|
| 942 |
_2ddc _cBK |
||